[Event "GCT Blitz Paris 2019"]
[Site "Paris FRA"]
[Date "2019.07.31"]
[Round "2"]
[White "Dubov, Daniil"]
[Black "Giri, Anish"]
[Result "1-0"]
[WhiteElo "2700"]
[BlackElo "2779"]
[PlyCount "63"]
[EventDate "2019.07.31"]

1. d4 Nf6 2. c4 e6 3. Nf3 d5 4. g3 Be7 5. Bg2 O-O 6. Bg5 Nbd7 7. O-O h6 8. Bxf6
Nxf6 9. Nc3 c6 10. Rc1 b6 11. Ne5 Bb7 12. Qa4 Qe8 13. Rfd1 a6 14. Qb3 b5 15. e4
dxc4 16. Nxc4 a5 17. Ne3 a4 18. Qc2 a3 19. b3 Rc8 20. e5 Nd5 21. Ne4 Nxe3 22.
fxe3 c5 23. Nd6 Bxd6 24. Bxb7 Be7 25. Bxc8 Qxc8 26. dxc5 Qc7 27. Qe4 Rc8 28. c6
Bg5 29. Kg2 Qb6 30. Rd3 b4 31. Rc4 Be7 32. Rd7 1-0

[Event "GCT Blitz Paris 2019"]
[Site "Paris FRA"]
[Date "2019.07.31"]
[Round "3"]
[White "Giri, Anish"]
[Black "Grischuk, Alexander"]
[Result "1/2-1/2"]
[WhiteElo "2779"]
[BlackElo "2766"]
[PlyCount "75"]
[EventDate "2019.07.31"]

1. e4 e5 2. Nf3 Nc6 3. Bb5 a6 4. Ba4 Nf6 5. O-O b5 6. Bb3 Bb7 7. d3 Be7 8. a3
O-O 9. Nc3 d6 10. h3 Qd7 11. Ne2 Nd8 12. Ng3 Ne6 13. Nf5 Bd8 14. c3 c5 15. a4
Bc7 16. Re1 Rae8 17. axb5 axb5 18. c4 Bc6 19. Bd2 Kh8 20. Qc2 Nh5 21. cxb5 Bxb5
22. Ba4 Ra8 23. Bxb5 Qxb5 24. Ne3 Nhf4 25. Nc4 Qc6 26. Bxf4 Nxf4 27. g3 Ne6 28.
Ne3 Rfb8 29. Rxa8 Qxa8 30. Nd5 Bd8 31. b3 h6 32. Rb1 Qa3 33. Kg2 Kh7 34. h4 Kg8
35. Qc3 Ra8 36. Qc2 Rb8 37. Qc3 Ra8 38. Qc2 1/2-1/2

[Event "GCT Blitz Paris 2019"]
[Site "Paris FRA"]
[Date "2019.07.31"]
[Round "3"]
[White "Vachier-Lagrave, Maxime"]
[Black "Caruana, Fabiano"]
[Result "1-0"]
[WhiteElo "2775"]
[BlackElo "2819"]
[PlyCount "77"]
[EventDate "2019.07.31"]

1. e4 c5 2. Nf3 d6 3. d4 cxd4 4. Nxd4 Nf6 5. Nc3 Nc6 6. a4 Bd7 7. Be2 Nxd4 8.
Qxd4 g6 9. Be3 Bg7 10. Qd2 O-O 11. O-O Bc6 12. Bf3 Nd7 13. Rfe1 Re8 14. Bd4 Qa5
15. Bxg7 Kxg7 16. Rad1 Rac8 17. Bg4 Rc7 18. Bxd7 Rxd7 19. Qd4+ Kg8 20. b4 e5
21. Qc4 Qb6 22. b5 Kg7 23. bxc6 bxc6 24. Rb1 Qd8 25. Red1 Qe7 26. h3 h5 27. Rd3
Rc8 28. Rbd1 Qf6 29. Na2 Qd8 30. Nc1 Qc7 31. Nb3 Rdd8 32. Qb4 Rb8 33. Qd2 d5
34. exd5 cxd5 35. Rxd5 Rxd5 36. Qxd5 Rb4 37. Nc5 Qe7 38. c3 Rb2 39. Nd3 1-0

[Event "GCT Blitz Paris 2019"]
[Site "Paris FRA"]
[Date "2019.07.31"]
[Round "3"]
[White "Nakamura, Hikaru"]
[Black "Nepomniachtchi, Ian"]
[Result "1/2-1/2"]
[WhiteElo "2754"]
[BlackElo "2775"]
[PlyCount "65"]
[EventDate "2019.07.31"]

1. d4 Nf6 2. c4 g6 3. Nc3 d5 4. cxd5 Nxd5 5. e4 Nxc3 6. bxc3 Bg7 7. Bb5+ c6 8.
Ba4 a5 9. Nf3 b5 10. Bb3 a4 11. Bc2 O-O 12. O-O c5 13. Rb1 Nc6 14. Be3 cxd4 15.
cxd4 Bg4 16. Rxb5 Bxf3 17. gxf3 Bxd4 18. Rd5 Bxe3 19. Rxd8 Rfxd8 20. Qe2 Bf4
21. Bxa4 Nd4 22. Qd1 Ra5 23. h4 Rh5 24. Kg2 Ne6 25. Qc2 Be5 26. Rd1 Rb8 27. Bb3
Nf4+ 28. Kg1 Rxh4 29. Qc5 Ne2+ 30. Kf1 Nf4 31. Kg1 Ne2+ 32. Kf1 Nf4 33. Kg1
1/2-1/2

[Event "GCT Blitz Paris 2019"]
[Site "Paris FRA"]
[Date "2019.07.31"]
[Round "3"]
[White "Anand, Viswanathan"]
[Black "Dubov, Daniil"]
[Result "0-1"]
[WhiteElo "2764"]
[BlackElo "2700"]
[PlyCount "48"]
[EventDate "2019.07.31"]

1. e4 g6 2. d4 d6 3. Nc3 Bg7 4. Be3 a6 5. h3 Nd7 6. f4 b5 7. e5 Nb6 8. Nf3 e6
9. Bd3 Ne7 10. O-O Bb7 11. a4 Nc4 12. Bxc4 bxc4 13. Qe2 Nf5 14. Bf2 O-O 15. Nd2
c5 16. dxc5 dxe5 17. fxe5 Nd4 18. Qg4 Bxe5 19. Nxc4 f5 20. Qh4 Bf6 21. Qg3 Qc8
22. Nd6 Qc6 23. Rad1 Be5 24. Qg5 Bf4 0-1

[Event "GCT Blitz Paris 2019"]
[Site "Paris FRA"]
[Date "2019.07.31"]
[Round "3"]
[White "Duda, Jan-Krzysztof"]
[Black "Mamedyarov, Shakhriyar"]
[Result "1-0"]
[WhiteElo "2729"]
[BlackElo "2765"]
[PlyCount "79"]
[EventDate "2019.07.31"]

1. d4 Nf6 2. Bg5 d5 3. Bxf6 exf6 4. e3 Bd6 5. g3 c6 6. Nd2 f5 7. Bg2 Nd7 8. Ne2
Nf6 9. c4 dxc4 10. Nxc4 Bc7 11. Qc2 Be6 12. a3 O-O 13. O-O Re8 14. b4 g6 15.
Rfd1 Bd5 16. Bxd5 Qxd5 17. Nd2 h5 18. Qc4 Qd7 19. a4 h4 20. Nf3 hxg3 21. hxg3
Nd5 22. b5 Rac8 23. bxc6 bxc6 24. Rab1 Bd6 25. Rb3 Kg7 26. Rdb1 Nb6 27. Qa6 c5
28. dxc5 Bxc5 29. Nf4 Qc6 30. Nh4 Nxa4 31. Qxc6 Rxc6 32. Rb7 Re7 33. Rxe7 Bxe7
34. Rb7 Bc5 35. Nf3 Bb6 36. Ng5 Kf8 37. Rxf7+ Ke8 38. Rg7 a5 39. Nxg6 Bc5 40.
Rg8+ 1-0

[Event "GCT Blitz Paris 2019"]
[Site "Paris FRA"]
[Date "2019.07.31"]
[Round "4"]
[White "Caruana, Fabiano"]
[Black "Giri, Anish"]
[Result "1-0"]
[WhiteElo "2819"]
[BlackElo "2779"]
[PlyCount "49"]
[EventDate "2019.07.31"]

1. e4 c5 2. Nf3 d6 3. d4 cxd4 4. Nxd4 Nf6 5. Nc3 a6 6. Nb3 e6 7. g4 b5 8. a3
Nc6 9. g5 Nd7 10. h4 Be7 11. f4 Bb7 12. Be3 Qc7 13. Qd2 Rc8 14. h5 b4 15. axb4
Nxb4 16. Bg2 Nb6 17. Na5 Nc4 18. Nxc4 Qxc4 19. Ra4 Bc6 20. Bf1 Bxa4 21. Bxc4
Nxc2+ 22. Kf2 Rxc4 23. Nxa4 Nxe3 24. Kxe3 Rxa4 25. Qc2 1-0

[Event "GCT Blitz Paris 2019"]
[Site "Paris FRA"]
[Date "2019.07.31"]
[Round "4"]
[White "Dubov, Daniil"]
[Black "Duda, Jan-Krzysztof"]
[Result "1/2-1/2"]
[WhiteElo "2700"]
[BlackElo "2729"]
[PlyCount "49"]
[EventDate "2019.07.31"]

1. c4 c5 2. Nf3 g6 3. g3 Bg7 4. Bg2 Nc6 5. Nc3 e6 6. O-O Nge7 7. d3 O-O 8. Rb1
d5 9. Bg5 h6 10. Bd2 b6 11. a3 Bb7 12. b4 dxc4 13. dxc4 cxb4 14. axb4 Rc8 15.
c5 bxc5 16. bxc5 Na5 17. Nb5 Rxc5 18. Nxa7 Be4 19. Rb5 Rxb5 20. Nxb5 Nac6 21.
Nc3 Bxf3 22. Bxf3 Ne5 23. Bg2 Nc4 24. Ne4 Nxd2 25. Qxd2 1/2-1/2

[Event "GCT Blitz Paris 2019"]
[Site "Paris FRA"]
[Date "2019.07.31"]
[Round "4"]
[White "Nakamura, Hikaru"]
[Black "Vachier-Lagrave, Maxime"]
[Result "1-0"]
[WhiteElo "2754"]
[BlackElo "2775"]
[PlyCount "117"]
[EventDate "2019.07.31"]

1. e4 c5 2. Nf3 d6 3. Nc3 Nf6 4. h3 Nc6 5. d4 cxd4 6. Nxd4 g6 7. Nxc6 bxc6 8.
Bc4 Bg7 9. e5 Nd7 10. exd6 Ne5 11. Bb3 Ba6 12. Bg5 Qxd6 13. Qxd6 exd6 14. O-O-O
h6 15. Be3 d5 16. Bc5 O-O-O 17. Bxa7 Rhe8 18. Bb6 Rd6 19. Ne4 Nd3+ 20. cxd3
dxe4 21. dxe4 Rxd1+ 22. Rxd1 Rxe4 23. Rd8+ Kb7 24. Be3 Re7 25. Bc5 Re1+ 26. Rd1
Re2 27. Rd2 Rxd2 28. Kxd2 Bf1 29. g3 f5 30. h4 Bxb2 31. Be3 g5 32. hxg5 hxg5
33. Bxg5 c5 34. Bc2 Bh3 35. Be3 Kb6 36. Bd3 Ba3 37. Kc2 Bb4 38. Kb3 Kc6 39. a3
Ba5 40. Kc4 Bg2 41. Bxf5 Bd5+ 42. Kd3 c4+ 43. Kc2 Kd6 44. g4 Bc6 45. Bd4 Ba4+
46. Kb2 Bd2 47. Bf6 Kd5 48. g5 c3+ 49. Kb1 Bb3 50. g6 Kc5 51. g7 Kb5 52. Bh7
Ka5 53. Be5 Kb5 54. Bd3+ Ka5 55. f4 Bg8 56. Bc2 Kb5 57. f5 Kc6 58. Be4+ Kd7 59.
Kc2 1-0

[Event "GCT Blitz Paris 2019"]
[Site "Paris FRA"]
[Date "2019.07.31"]
[Round "4"]
[White "Grischuk, Alexander"]
[Black "Anand, Viswanathan"]
[Result "1/2-1/2"]
[WhiteElo "2766"]
[BlackElo "2764"]
[PlyCount "58"]
[EventDate "2019.07.31"]

1. d4 Nf6 2. c4 e6 3. Nf3 d5 4. g3 Bb4+ 5. Bd2 Be7 6. Bg2 O-O 7. O-O Nbd7 8.
Qc2 c6 9. Bf4 b6 10. Rd1 Bb7 11. Ne5 Nh5 12. Bd2 Nhf6 13. cxd5 cxd5 14. Nc6 Qe8
15. Nxe7+ Qxe7 16. Nc3 Rfc8 17. Qd3 a5 18. Rac1 h6 19. Be1 Ba6 20. Qe3 Qd8 21.
f3 b5 22. g4 Nb6 23. b3 b4 24. Nb1 Ne8 25. Bg3 Nd6 26. Rc5 Nb7 27. Rcc1 Nd6 28.
Rc5 Nb7 29. Rcc1 Nd6 1/2-1/2

[Event "GCT Blitz Paris 2019"]
[Site "Paris FRA"]
[Date "2019.07.31"]
[Round "4"]
[White "Nepomniachtchi, Ian"]
[Black "Mamedyarov, Shakhriyar"]
[Result "0-1"]
[WhiteElo "2775"]
[BlackElo "2765"]
[PlyCount "112"]
[EventDate "2019.07.31"]

1. e4 c6 2. Nf3 d5 3. Nc3 Bg4 4. h3 Bxf3 5. Qxf3 e6 6. d4 dxe4 7. Nxe4 Qxd4 8.
Bd3 Nd7 9. c3 Qd5 10. Qg3 Ngf6 11. Nxf6+ Nxf6 12. Bc2 O-O-O 13. Be3 Qa5 14. O-O
Nd5 15. Bd4 Qc7 16. Qf3 c5 17. Be3 Qe5 18. Rfe1 Bd6 19. g3 Qf6 20. Qg2 Kb8 21.
a4 h5 22. Be4 h4 23. g4 Nxe3 24. Rxe3 Bf4 25. Ree1 Rd7 26. a5 Rhd8 27. a6 b6
28. Bc6 Rd2 29. Bb5 Qe7 30. Qf3 g5 31. Bf1 Qd7 32. c4 Kc7 33. b4 Kd6 34. bxc5+
bxc5 35. Rab1 Rc8 36. Re4 Ke7 37. Rxf4 gxf4 38. Rb7 Rc7 39. Qxf4 Rd6 40. Qg5+
Kf8 41. Qe5 Ke7 42. Rb8 Rc8 43. Rb7 Rc7 44. Bg2 f6 45. Qf4 Rxb7 46. axb7 Qc7
47. Qh6 Rd1+ 48. Bf1 Kd7 49. Qxf6 Qxb7 50. Qf7+ Kc8 51. Qxe6+ Qd7 52. Qe4 Kc7
53. g5 Qd4 54. Qe7+ Kb6 55. g6 Qd3 56. Qf6+ Ka5 0-1

[Event "GCT Blitz Paris 2019"]
[Site "Paris FRA"]
[Date "2019.07.31"]
[Round "5"]
[White "Mamedyarov, Shakhriyar"]
[Black "Dubov, Daniil"]
[Result "1/2-1/2"]
[WhiteElo "2765"]
[BlackElo "2700"]
[PlyCount "60"]
[EventDate "2019.07.31"]

1. d4 d5 2. c4 e6 3. Nc3 Bb4 4. Nf3 Nf6 5. Qa4+ Nc6 6. e3 O-O 7. Qc2 Bd6 8. c5
Be7 9. Bb5 Bd7 10. O-O a6 11. Bxc6 Bxc6 12. b4 Ne4 13. Ne5 Qe8 14. Nxc6 Qxc6
15. a4 Nxc3 16. Qxc3 Qd7 17. Bd2 c6 18. Qd3 Bf6 19. Bc3 Rfe8 20. f4 Ra7 21. b5
axb5 22. axb5 Rea8 23. b6 Rxa1 24. Rxa1 Rxa1+ 25. Bxa1 Qc8 26. Qa3 h5 27. Bc3
g6 28. Qa2 Bg7 29. Qa3 Bf6 30. Qa2 Bg7 1/2-1/2

[Event "GCT Blitz Paris 2019"]
[Site "Paris FRA"]
[Date "2019.07.31"]
[Round "5"]
[White "Vachier-Lagrave, Maxime"]
[Black "Nepomniachtchi, Ian"]
[Result "1/2-1/2"]
[WhiteElo "2775"]
[BlackElo "2775"]
[PlyCount "50"]
[EventDate "2019.07.31"]

1. Nf3 Nf6 2. c4 c5 3. Nc3 Nc6 4. g3 d5 5. d4 e6 6. cxd5 Nxd5 7. Bg2 cxd4 8.
Nxd4 Nxc3 9. bxc3 Nxd4 10. Qxd4 Qxd4 11. cxd4 Bb4+ 12. Bd2 Bxd2+ 13. Kxd2 Rb8
14. Rhc1 Kd8 15. Rc3 Re8 16. Ra3 a6 17. Rb1 b5 18. Rc3 Re7 19. a4 b4 20. Rc5
Rc7 21. Ra5 b3 22. Rc5 Bd7 23. Rxc7 Kxc7 24. a5 Rb5 25. Be4 Rxa5 1/2-1/2

[Event "GCT Blitz Paris 2019"]
[Site "Paris FRA"]
[Date "2019.07.31"]
[Round "5"]
[White "Duda, Jan-Krzysztof"]
[Black "Grischuk, Alexander"]
[Result "1-0"]
[WhiteElo "2729"]
[BlackElo "2766"]
[PlyCount "94"]
[EventDate "2019.07.31"]

1. d4 Nf6 2. Bg5 d5 3. Bxf6 exf6 4. e3 c5 5. dxc5 Bxc5 6. c3 Nc6 7. Nf3 O-O 8.
Nbd2 Re8 9. Nb3 Bb6 10. Be2 f5 11. O-O a6 12. Qd2 Be6 13. Nbd4 Qf6 14. Rfd1
Rad8 15. Bf1 Bc8 16. g3 g5 17. Bg2 Ne7 18. Ne1 h5 19. f4 Ng6 20. Nef3 g4 21.
Ne1 h4 22. Nec2 Kg7 23. a4 Be6 24. Qd3 Rh8 25. Rd2 Ne7 26. a5 Ba7 27. b4 Bd7
28. Rb1 Rc8 29. b5 Bxd4 30. Nxd4 Bxb5 31. Nxb5 axb5 32. Rc2 Rc5 33. Rxb5 Rhc8
34. Rb6 Rxc3 35. Rxc3 Rxc3 36. Qd2 Rc6 37. Rxb7 Qa1+ 38. Bf1 Rc1 39. Qb2+ Qxb2
40. Rxb2 Ra1 41. a6 Nc6 42. gxh4 d4 43. exd4 Nxd4 44. Kf2 Ne6 45. Bc4 Nxf4 46.
Ra2 Nh3+ 47. Ke2 Rc1 1-0

[Event "GCT Blitz Paris 2019"]
[Site "Paris FRA"]
[Date "2019.07.31"]
[Round "5"]
[White "Giri, Anish"]
[Black "Nakamura, Hikaru"]
[Result "1/2-1/2"]
[WhiteElo "2779"]
[BlackElo "2754"]
[PlyCount "93"]
[EventDate "2019.07.31"]

1. e4 d5 2. exd5 Qxd5 3. Nc3 Qd6 4. d4 Nf6 5. Nf3 a6 6. Be2 g6 7. O-O Bg7 8. h3
O-O 9. Be3 Nc6 10. Qd2 e6 11. Rad1 Ne7 12. Bf4 Qd8 13. Bh6 b6 14. Bxg7 Kxg7 15.
Ne5 Bb7 16. Bf3 Bxf3 17. Nxf3 Qd6 18. Rfe1 Rad8 19. Qe2 Qb4 20. Rb1 b5 21. Ne4
Ned5 22. Nc5 Qc4 23. Qxc4 bxc4 24. c3 a5 25. Ne5 Nb6 26. b3 cxb3 27. axb3 Nfd5
28. Rec1 Ra8 29. Ra1 Ne7 30. Ra3 Nbd5 31. Nb7 Rfc8 32. Rxa5 Rxa5 33. Nxa5 c5
34. dxc5 Rxc5 35. Nac4 f6 36. Nd3 Rc7 37. f3 g5 38. Kf2 Ng6 39. Rc2 h5 40. Ke1
h4 41. Kd2 Ngf4 42. Nxf4 gxf4 43. Kd3 Rd7 44. Ke2 Rc7 45. Kd3 Rd7 46. Ke2 Rc7
47. Kd3 1/2-1/2

[Event "GCT Blitz Paris 2019"]
[Site "Paris FRA"]
[Date "2019.07.31"]
[Round "6"]
[White "Nepomniachtchi, Ian"]
[Black "Dubov, Daniil"]
[Result "1-0"]
[WhiteElo "2775"]
[BlackElo "2700"]
[PlyCount "53"]
[EventDate "2019.07.31"]

1. e4 c5 2. Nf3 Nc6 3. Nc3 g6 4. d4 cxd4 5. Nxd4 Bg7 6. Be3 Nf6 7. Bc4 O-O 8.
Bb3 Re8 9. f3 e6 10. O-O d5 11. exd5 Nxd5 12. Nxd5 exd5 13. Bf2 Qg5 14. Kh1 Be6
15. c3 Rad8 16. Re1 Ne5 17. Nxe6 Rxe6 18. Bg3 Qe7 19. Bxd5 Qc5 20. c4 b5 21. b4
Qxb4 22. Qb1 Nd3 23. Qxd3 Bxa1 24. Rxa1 bxc4 25. Qxc4 Qb2 26. Rg1 Re7 27. Bh4
1-0

[Event "GCT Blitz Paris 2019"]
[Site "Paris FRA"]
[Date "2019.07.31"]
[Round "6"]
[White "Vachier-Lagrave, Maxime"]
[Black "Giri, Anish"]
[Result "0-1"]
[WhiteElo "2775"]
[BlackElo "2779"]
[PlyCount "104"]
[EventDate "2019.07.31"]

1. e4 c5 2. Nf3 d6 3. Bb5+ Bd7 4. Bxd7+ Nxd7 5. O-O Ngf6 6. Qe2 e6 7. b3 Be7 8.
Bb2 O-O 9. c4 Rc8 10. d4 cxd4 11. Nxd4 a6 12. Nc3 Ne5 13. Rad1 Ng6 14. Rfe1 Re8
15. g3 Bf8 16. Kg2 Qc7 17. Qe3 b6 18. h3 Qb7 19. Qd2 h5 20. h4 Rcd8 21. Nf3 b5
22. Qe2 bxc4 23. Qxc4 Ng4 24. Na4 Be7 25. Rd2 Bf6 26. Red1 Bxb2 27. Nxb2 Rc8
28. Qe2 d5 29. exd5 exd5 30. Qd3 Nf6 31. Rc2 Rxc2 32. Qxc2 Ne5 33. Nxe5 Rxe5
34. Nd3 Re8 35. Nf4 a5 36. Qd3 Rd8 37. Qd4 Qc6 38. Re1 a4 39. Re5 axb3 40. axb3
Rb8 41. Rg5 Rxb3 42. Nxd5 Kf8 43. Kh2 Rb1 44. Qd3 Qc1 45. Qxb1 Qxb1 46. Nxf6
gxf6 47. Rxh5 Qc2 48. Kg2 Qe4+ 49. Kg1 f5 50. Rg5 f6 51. Rh5 Kg7 52. Kf1 Qg4
0-1

[Event "GCT Blitz Paris 2019"]
[Site "Paris FRA"]
[Date "2019.07.31"]
[Round "6"]
[White "Nakamura, Hikaru"]
[Black "Anand, Viswanathan"]
[Result "1/2-1/2"]
[WhiteElo "2754"]
[BlackElo "2764"]
[PlyCount "61"]
[EventDate "2019.07.31"]

1. Nf3 Nf6 2. e3 c5 3. c4 e6 4. Nc3 Nc6 5. d4 d5 6. cxd5 exd5 7. Be2 c4 8. O-O
Bb4 9. a3 Bxc3 10. bxc3 Ne4 11. Bb2 O-O 12. a4 Re8 13. Nd2 Bf5 14. Re1 Nxd2 15.
Qxd2 Na5 16. Bd1 Nb3 17. Bxb3 cxb3 18. a5 Qd7 19. Ba3 Re6 20. f3 Bc2 21. c4
dxc4 22. Qc3 Bd3 23. e4 f5 24. exf5 Rxe1+ 25. Rxe1 Re8 26. g4 h5 27. Bb2 hxg4
28. fxg4 Rxe1+ 29. Qxe1 Qd5 30. Qe8+ Kh7 31. Qh5+ 1/2-1/2

[Event "GCT Blitz Paris 2019"]
[Site "Paris FRA"]
[Date "2019.07.31"]
[Round "6"]
[White "Caruana, Fabiano"]
[Black "Duda, Jan-Krzysztof"]
[Result "1-0"]
[WhiteElo "2819"]
[BlackElo "2729"]
[PlyCount "123"]
[EventDate "2019.07.31"]

1. e4 d5 2. exd5 Qxd5 3. Nc3 Qd8 4. d4 Nf6 5. Nf3 g6 6. h3 Bg7 7. Bc4 O-O 8.
O-O Nc6 9. Re1 e6 10. a4 b6 11. Bf4 Bb7 12. Nb5 Rc8 13. c3 a6 14. Na3 Ne7 15.
Qe2 Ra8 16. Nc2 Nf5 17. Nb4 Nd5 18. Nxd5 Bxd5 19. Bxd5 exd5 20. Ne5 Re8 21. Qf3
a5 22. g4 Nh4 23. Qg3 g5 24. Bd2 f6 25. Nd3 Qd7 26. f4 h6 27. b3 Re4 28. Nf2
Rxe1+ 29. Rxe1 Re8 30. Qd3 Rxe1+ 31. Bxe1 Qe8 32. Kf1 Bf8 33. Bd2 Bd6 34. f5 c6
35. Qe2 Kf7 36. Nd3 Qd7 37. c4 dxc4 38. bxc4 Bc7 39. Qe4 Qe8 40. Qxe8+ Kxe8 41.
Kf2 Kd7 42. c5 b5 43. axb5 cxb5 44. d5 b4 45. Be3 Bd8 46. Bd4 Kc7 47. Nb2 Kb7
48. c6+ Kc7 49. Bc5 b3 50. Nc4 Kb8 51. d6 a4 52. Bd4 Kc8 53. Bb6 b2 54. d7+ Kb8
55. Bxd8 b1=Q 56. c7+ Ka7 57. c8=Q Qc2+ 58. Ke3 Qc3+ 59. Ke4 Qc2+ 60. Kd5 Qd3+
61. Ke6 Qe4+ 62. Kf7 1-0

[Event "GCT Blitz Paris 2019"]
[Site "Paris FRA"]
[Date "2019.07.31"]
[Round "6"]
[White "Grischuk, Alexander"]
[Black "Mamedyarov, Shakhriyar"]
[Result "0-1"]
[WhiteElo "2766"]
[BlackElo "2765"]
[PlyCount "114"]
[EventDate "2019.07.31"]

1. d4 Nf6 2. c4 g6 3. h4 b6 4. Nc3 Bb7 5. d5 Bg7 6. e4 d6 7. Be2 e6 8. h5 gxh5
9. Nh3 Qe7 10. Nf4 Nbd7 11. Be3 O-O-O 12. f3 Rhg8 13. Qd2 Bh6 14. Bf1 h4 15.
O-O-O Bxf4 16. Bxf4 Nh5 17. Rh2 Rg6 18. Be3 Rdg8 19. Kb1 Kb8 20. a3 Qf6 21. Ka2
Ng3 22. Bd3 Ne5 23. Nb5 Nxd3 24. Qxd3 Nh5 25. dxe6 Qxe6 26. Rxh4 Nf6 27. Nd4
Qe8 28. g4 Nd7 29. Rxh7 Rxg4 30. Nf5 Rg2 31. Bd4 Qe6 32. Rdh1 a5 33. R1h6 Ne5
34. Bxe5 Qxe5 35. Qd4 Qxd4 36. Nxd4 Ba6 37. Kb3 Rd2 38. Kc3 Rd1 39. Rh8 Rxh8
40. Rxh8+ Kb7 41. b3 a4 42. b4 Rc1+ 43. Kd2 Rxc4 44. Nf5 d5 45. exd5 Rf4 46.
Ne3 Rxf3 47. Rd8 Rf2+ 48. Kc3 Ra2 49. Nc2 Be2 50. Rd7 Bd1 51. Nd4 Rxa3+ 52. Kb2
Rd3 53. Nb5 a3+ 54. Ka2 Bb3+ 55. Kxa3 Bc4+ 56. Ka4 Bxb5+ 57. Kxb5 Rxd5+ 0-1

[Event "GCT Blitz Paris 2019"]
[Site "Paris FRA"]
[Date "2019.07.31"]
[Round "7"]
[White "Dubov, Daniil"]
[Black "Grischuk, Alexander"]
[Result "1/2-1/2"]
[WhiteElo "2700"]
[BlackElo "2766"]
[PlyCount "80"]
[EventDate "2019.07.31"]

1. e4 e5 2. Nf3 Nc6 3. Nc3 Nf6 4. d4 exd4 5. Nxd4 Bb4 6. Nxc6 bxc6 7. Bd3 d5 8.
exd5 O-O 9. O-O cxd5 10. Bg5 Be6 11. Nb5 c5 12. c3 Ba5 13. b4 Bb6 14. bxc5 Bxc5
15. Nd4 h6 16. Bh4 Bd7 17. Re1 Rb8 18. Qf3 Rb6 19. Nf5 Bxf5 20. Qxf5 Qc8 21.
Qf3 Re8 22. Bf5 Qb8 23. Bg3 Qd8 24. Bh4 g5 25. Bg3 Bd6 26. h4 Rxe1+ 27. Rxe1
Kg7 28. hxg5 hxg5 29. Qe3 Kh6 30. Bd3 Qc7 31. Qd4 Bxg3 32. fxg3 Qxg3 33. Re3
Qf4 34. Rh3+ Kg7 35. Rh7+ Kg8 36. Qxf4 gxf4 37. Rh4 Rc6 38. Rxf4 Rxc3 39. Rxf6
Rxd3 40. Ra6 Rd2 1/2-1/2

[Event "GCT Blitz Paris 2019"]
[Site "Paris FRA"]
[Date "2019.07.31"]
[Round "7"]
[White "Duda, Jan-Krzysztof"]
[Black "Nakamura, Hikaru"]
[Result "0-1"]
[WhiteElo "2729"]
[BlackElo "2754"]
[PlyCount "67"]
[EventDate "2019.07.31"]

1. d4 Nf6 2. Bg5 e6 3. e4 h6 4. Bxf6 Qxf6 5. c3 d5 6. Bd3 c5 7. Nf3 cxd4 8.
cxd4 dxe4 9. Bxe4 Be7 10. Nc3 O-O 11. O-O Nc6 12. Bxc6 bxc6 13. Rc1 Qf5 14. Re1
Rd8 15. Re5 Qg6 16. Qe2 Bf6 17. Re4 Bb7 18. Rf4 c5 19. dxc5 Rac8 20. Na4 e5 21.
Rb4 Bc6 22. Nc3 a5 23. Rc4 e4 24. Nxe4 Bb5 25. g3 Re8 26. b3 Rxc5 27. Nxf6+
Qxf6 28. Qxe8+ Bxe8 29. Rxc5 Qxf3 30. Rc8 Qe2 31. R1c3 Kh7 32. Re3 Qd1+ 33. Kg2
Qd5+ 34. Kg1 0-1

[Event "GCT Blitz Paris 2019"]
[Site "Paris FRA"]
[Date "2019.07.31"]
[Round "7"]
[White "Anand, Viswanathan"]
[Black "Vachier-Lagrave, Maxime"]
[Result "0-1"]
[WhiteElo "2764"]
[BlackElo "2775"]
[PlyCount "74"]
[EventDate "2019.07.31"]

1. e4 c5 2. Nf3 d6 3. d4 cxd4 4. Qxd4 Nf6 5. Be2 Nc6 6. Qe3 g6 7. O-O Bg7 8. h3
O-O 9. c4 b6 10. Rd1 Nd7 11. Nc3 Bb7 12. b3 Nb4 13. Qd2 Nc5 14. Ba3 a5 15. Nd4
Bxd4 16. Qxd4 Nc2 17. Qd2 Nxa3 18. f3 e6 19. Qb2 Qf6 20. Rac1 Qf4 21. Qxa3 f5
22. exf5 Rxf5 23. Qb2 Rg5 24. Kh1 Qg3 25. Rg1 Rf8 26. Rcf1 Rh5 27. Bd1 Nd3 28.
Qd2 Nf4 29. Rf2 Nxh3 30. gxh3 Rxh3+ 31. Rh2 Rxh2+ 32. Qxh2 Bxf3+ 33. Bxf3 Qxf3+
34. Rg2 Qxc3 35. Qxd6 Qe3 36. Kh2 Rf5 37. Qd8+ Kg7 0-1

[Event "GCT Blitz Paris 2019"]
[Site "Paris FRA"]
[Date "2019.07.31"]
[Round "7"]
[White "Mamedyarov, Shakhriyar"]
[Black "Caruana, Fabiano"]
[Result "0-1"]
[WhiteElo "2765"]
[BlackElo "2819"]
[PlyCount "114"]
[EventDate "2019.07.31"]

1. d4 Nf6 2. Bg5 e6 3. e4 h6 4. Bxf6 Qxf6 5. c3 d5 6. Nd2 Qd8 7. Qf3 Be7 8. Bd3
c5 9. dxc5 Nd7 10. exd5 Nxc5 11. Bb5+ Kf8 12. Bc4 exd5 13. Bxd5 Bf6 14. O-O-O
h5 15. h3 Qc7 16. Ne2 Bd7 17. Ng3 Ba4 18. Rde1 Rd8 19. Nb3 Bxb3 20. axb3 h4 21.
Nf5 g6 22. Ne3 Kg7 23. Kc2 Rh5 24. Rd1 b5 25. b4 Na4 26. Rd3 a5 27. bxa5 b4 28.
Ng4 Rf5 29. Qe3 Bg5 30. Qd4+ Kh7 31. Qxb4 Nc5 32. Qc4 Qxa5 33. Rdd1 Rf4 34. Rd4
Rxd4 35. cxd4 Qd2+ 36. Kb1 Nd3 37. Qc3 Qxc3 38. bxc3 Rxd5 39. Kc2 Nf4 40. g3
hxg3 41. fxg3 Ne2 42. h4 Bd8 43. Rf1 Rf5 44. Rxf5 gxf5 45. Ne3 Nxg3 46. Kd3 Kg6
47. c4 f4 48. Nd5 f3 49. Ke3 Nf5+ 50. Kxf3 Nxd4+ 51. Ke4 Ne6 52. Ke5 Bxh4 53.
Kd6 Bg3+ 54. Ke7 Nc5 55. Nc3 f5 56. Ne2 Be5 57. Ng1 f4 0-1

[Event "GCT Blitz Paris 2019"]
[Site "Paris FRA"]
[Date "2019.07.31"]
[Round "7"]
[White "Giri, Anish"]
[Black "Nepomniachtchi, Ian"]
[Result "0-1"]
[WhiteElo "2779"]
[BlackElo "2775"]
[PlyCount "82"]
[EventDate "2019.07.31"]

1. e4 d6 2. d4 Nf6 3. Nc3 g6 4. Nf3 a6 5. Be3 Bg7 6. Qd2 b5 7. Bh6 O-O 8. Bd3
Bb7 9. Bxg7 Kxg7 10. e5 dxe5 11. dxe5 Ng4 12. Qf4 Bxf3 13. Qxf3 Qd4 14. O-O-O
Nc6 15. Be4 Ngxe5 16. Rxd4 Nxf3 17. Rdd1 Nfd4 18. Nd5 e6 19. Nxc7 Ra7 20. Nxe6+
fxe6 21. c3 Rxf2 22. cxd4 Rc7 23. Kb1 Na5 24. b3 Nb7 25. Rhf1 Rxf1 26. Rxf1 Nd6
27. Bd3 Nf5 28. Bxf5 exf5 29. Rc1 Rxc1+ 30. Kxc1 Kf6 31. Kd2 Ke6 32. Ke3 b4 33.
h4 Kd5 34. g3 h6 35. Kd3 g5 36. hxg5 hxg5 37. Ke3 a5 38. Kd3 f4 39. g4 f3 40.
Ke3 f2 41. Kxf2 Kxd4 0-1

[Event "GCT Blitz Paris 2019"]
[Site "Paris FRA"]
[Date "2019.07.31"]
[Round "8"]
[White "Caruana, Fabiano"]
[Black "Dubov, Daniil"]
[Result "1-0"]
[WhiteElo "2819"]
[BlackElo "2700"]
[PlyCount "83"]
[EventDate "2019.07.31"]

1. e4 g6 2. d4 d6 3. c4 e5 4. Nc3 Nc6 5. d5 Nd4 6. Nge2 Nxe2 7. Bxe2 Bh6 8.
Bxh6 Nxh6 9. Qd2 Ng8 10. O-O Nf6 11. Qh6 Ng8 12. Qe3 Nf6 13. f4 O-O 14. fxe5
dxe5 15. c5 a5 16. h3 b6 17. cxb6 cxb6 18. Rad1 Kg7 19. Nb5 Ba6 20. d6 Bxb5 21.
Bxb5 Rc8 22. Rd2 Rc5 23. a4 Nh5 24. g3 h6 25. d7 Qe7 26. Kg2 Nf6 27. Qd3 Qd8
28. Kh2 Nh7 29. h4 h5 30. Qd6 f6 31. Qe6 f5 32. exf5 Nf6 33. Kg1 e4 34. Rd6
gxf5 35. Rxf5 Rc1+ 36. Rf1 Rxf1+ 37. Bxf1 Rf7 38. Bb5 Ng4 39. Qg6+ Kf8 40. Re6
Rxd7 41. Bxd7 Qxd7 42. Qf5+ 1-0

[Event "GCT Blitz Paris 2019"]
[Site "Paris FRA"]
[Date "2019.07.31"]
[Round "8"]
[White "Nakamura, Hikaru"]
[Black "Mamedyarov, Shakhriyar"]
[Result "1-0"]
[WhiteElo "2754"]
[BlackElo "2765"]
[PlyCount "109"]
[EventDate "2019.07.31"]

1. d4 Nf6 2. c4 g6 3. Nc3 d5 4. cxd5 Nxd5 5. e4 Nxc3 6. bxc3 Bg7 7. Bb5+ c6 8.
Ba4 O-O 9. Nf3 c5 10. O-O Qa5 11. Rb1 a6 12. Bb3 Bg4 13. Bd5 cxd4 14. Bxb7 Ra7
15. cxd4 Nd7 16. Be3 Nb6 17. Bd2 Bxf3 18. Bxa5 Bxd1 19. Rfxd1 Nc4 20. Be1 Na3
21. Rb3 Nb5 22. Bd5 Nxd4 23. Rb7 Rxb7 24. Bxb7 Rd8 25. Kf1 Rd6 26. Rc1 Be5 27.
Ba5 Ne6 28. g3 g5 29. Bd5 Rd7 30. Rc6 Nd4 31. Rxa6 e6 32. Bc4 Nf3 33. Be2 Nd2+
34. Kg2 Nxe4 35. Bf3 Nf6 36. a4 g4 37. Bc6 Rd1 38. Bb6 Bd4 39. Ra8+ Kg7 40. Rd8
e5 41. a5 Ra1 42. Bb7 Bxb6 43. axb6 Rb1 44. Rd6 e4 45. Ba6 e3 46. fxe3 Ne4 47.
Rc6 Rb2+ 48. Kf1 Nd2+ 49. Ke1 Nf3+ 50. Kd1 Nxh2 51. Kc1 Rb4 52. b7 Nf1 53. Rc4
Rb6 54. Rxg4+ Kf8 55. Bxf1 1-0